Real options, ambiguity, risk and insurance : (Record no. 125470)
[ view plain ]
| 000 -LEADER | |
|---|---|
| fixed length control field | 02045nam a2200421 i 4500 |
| 001 - CONTROL NUMBER | |
| control field | ebr10767166 |
| 003 - CONTROL NUMBER IDENTIFIER | |
| control field | CaPaEBR |
| 006 - FIXED-LENGTH DATA ELEMENTS--ADDITIONAL MATERIAL CHARACTERISTICS--GENERAL INFORMATION | |
| fixed length control field | m o d |
| 007 - PHYSICAL DESCRIPTION FIXED FIELD--GENERAL INFORMATION | |
| fixed length control field | cr cn||||||||| |
| 008 - FIXED-LENGTH DATA ELEMENTS--GENERAL INFORMATION | |
| fixed length control field | 130318t20132013dcu o 001 0 eng|d |
| 020 ## - INTERNATIONAL STANDARD BOOK NUMBER | |
| Cancelled/invalid ISBN | 9781614992370 (hardcover) |
| International Standard Book Number | 9781614992387 (e-book) |
| 040 ## - CATALOGING SOURCE | |
| Original cataloging agency | CaPaEBR |
| Language of cataloging | eng |
| Description conventions | rda |
| -- | pn |
| Transcribing agency | CaPaEBR |
| 035 ## - SYSTEM CONTROL NUMBER | |
| System control number | (OCoLC)861536684 |
| 050 14 - LIBRARY OF CONGRESS CALL NUMBER | |
| Classification number | HG176.7 |
| Item number | .R43 2013eb |
| 245 00 - TITLE STATEMENT | |
| Title | Real options, ambiguity, risk and insurance : |
| Remainder of title | world class university program in financial engineering, Ajou University. Volume two / |
| Statement of responsibility, etc | edited by Alain Bensoussan, Shige Peng, Jaeyoung Sung. |
| 264 #1 - PRODUCTION, PUBLICATION, DISTRIBUTION, MANUFACTURE, AND COPYRIGHT NOTICE | |
| Place of production, publication, distribution, manufacture | Washington, DC : |
| Name of producer, publisher, distributor, manufacturer | IOS Press, |
| Date of production, publication, distribution, manufacture, or copyright notice | [2013] |
| Date of production, publication, distribution, manufacture, or copyright notice | �2013 |
| 300 ## - PHYSICAL DESCRIPTION | |
| Extent | 1 online resource (296 pages). |
| 336 ## - CONTENT TYPE | |
| Content type term | text |
| Source | rdacontent |
| 337 ## - MEDIA TYPE | |
| Media type term | computer |
| Source | rdamedia |
| 338 ## - CARRIER TYPE | |
| Carrier type term | online resource |
| Source | rdacarrier |
| 490 1# - SERIES STATEMENT | |
| Series statement | Studies in probability, optimization and statistics, |
| International Standard Serial Number | 0928-3986 ; |
| Volume number/sequential designation | volume 5 |
| 500 ## - GENERAL NOTE | |
| General note | Includes index. |
| 505 0# - FORMATTED CONTENTS NOTE | |
| Formatted contents note | part 1. Real options -- part 2. Ambiguity -- part 3. Risk and insurance. |
| 588 ## - SOURCE OF DESCRIPTION NOTE | |
| Source of description note | Description based on print version record. |
| 590 ## - LOCAL NOTE (RLIN) | |
| Local note | Electronic reproduction. Palo Alto, Calif. : ebrary, 2013. Available via World Wide Web. Access may be limited to ebrary affiliated libraries. |
| 650 #0 - SUBJECT ADDED ENTRY--TOPICAL TERM | |
| Topical term or geographic name as entry element | Financial engineering. |
| Topical term or geographic name as entry element | Investments. |
| 655 #0 - INDEX TERM--GENRE/FORM | |
| Genre/form data or focus term | Electronic books. |
| 700 1# - ADDED ENTRY--PERSONAL NAME | |
| Personal name | Bensoussan, Alain. |
| Personal name | Peng, Shige. |
| Personal name | Sung, Jaeyoung. |
| 776 08 - ADDITIONAL PHYSICAL FORM ENTRY | |
| Display text | Print version: |
| Title | Real options, ambiguity, risk and insurance : world class university program in financial engineering, Ajou University. Volume two. |
| Place, publisher, and date of publication | Washington, DC : IOS Press, [2013] |
| Physical description | xiii, 279 pages |
| Series data for related item | Studies in probability, optimization and statistics ; volume 5 |
| International Standard Serial Number | 0928-3986 ; |
| International Standard Book Number | 9781614992370 |
| Record control number | (DLC)17663533 |
| 797 2# - LOCAL ADDED ENTRY--CORPORATE NAME (RLIN) | |
| Corporate name or jurisdiction name as entry element | ebrary. |
| 830 #0 - SERIES ADDED ENTRY--UNIFORM TITLE | |
| Uniform title | Studies in probability, optimization, and statistics ; |
| Volume number/sequential designation | v. 5. |
| 856 40 - ELECTRONIC LOCATION AND ACCESS | |
| Uniform Resource Identifier | <a href="http://site.ebrary.com/lib/rucke/Doc?id=10767166">http://site.ebrary.com/lib/rucke/Doc?id=10767166</a> |
| Public note | An electronic book accessible through the World Wide Web; click to view |
No items available.
